| 000 | 00578nam a2200181Ia 4500 | ||
|---|---|---|---|
| 008 | 140626s9999 xx 000 0 und d | ||
| 100 | _aNicolas, Serge. | ||
| 245 | 4 |
_aThe memory of two great mental calculators : _bCharcot and Binet's neglected 1893 experiments / _cSerge Nicolas ... [et al.]. |
|
| 260 | _cc2012. | ||
| 300 | _a125 : 2, page 235 | ||
| 440 | _aThe American Journal of Psychology | ||
| 521 | _aPSYCH | ||
| 650 | _aCharcot and Binet's 1893 experiments. | ||
| 650 | _aMental calculations. | ||
| 650 | _aPsychophysics. | ||
| 650 | _aTribute. | ||
| 942 | _cSE | ||
| 999 |
_c121351 _d121351 |
||